[Event "AUTO-OPEN-2305"]
[Site "http://www.queenalice.com/game.php?id=915553"]
[Date "2011.3.21"]
[Round "1"]
[White "Jobson"]
[Black "Jam112"]
[Result "1-0"]
[WhiteElo "1747"]
[BlackElo "1305"]

1. e4 e5 2. Nf3 Nc6 3. Bb5 a6 4. Bxc6 dxc6 5. Nxe5 Bd6 6. Nc4 Bc5 7. d3 Qf6 8.
f3 b5 9. Na5 Qd4 10. Qd2 Nf6 11. Nb3 Qe5 12. Qf4 1-0

[Event "AUTO-OPEN-2305"]
[Site "http://www.queenalice.com/game.php?id=915554"]
[Date "2011.3.21"]
[Round "1"]
[White "Jam112"]
[Black "Jobson"]
[Result "0-1"]
[WhiteElo "1305"]
[BlackElo "1745"]

1. d4 Nf6 2. c4 c6 3. Nf3 d5 4. Bf4 Bf5 5. Nc3 e6 6. Ne5 h6 7. e3 g5 8. Bg3 Ne4
9. Nxe4 Bxe4 10. f3 Bb4+ 11. Kf2 Bh7 0-1

[Event "rbivanov"]
[Site "http://www.queenalice.com/game.php?id=922766"]
[Date "2011.4.7"]
[Round "1"]
[White "Jobson"]
[Black "jjrphd"]
[Result "1-0"]
[WhiteElo "1727"]
[BlackElo "2118"]

1. e4 e5 2. Nf3 Nc6 3. a3 Nf6 4. Bb5 Bc5 5. Qe2 O-O 6. O-O Nd4 7. Qd3 d5 8. Nxd4
Bxd4 9. h3 c6 10. Ba4 Nxe4 11. Kh2 Nc5 12. Qg3 Nxa4 13. c3 Bb6 14. Qxe5 1-0

[Event "AUTO-OPEN-2365"]
[Site "http://www.queenalice.com/game.php?id=939562"]
[Date "2011.5.18"]
[Round "1"]
[White "salso"]
[Black "Jobson"]
[Result "1-0"]
[WhiteElo "1822"]
[BlackElo "1746"]

1. d4 d5 2. c3 Nf6 3. Nd2 Bg4 4. f3 Bh5 5. Qb3 b6 6. e4 e6 7. e5 Nfd7 8. Ne2 g5
9. c4 c6 10. Ng3 Bg6 11. cxd5 cxd5 12. Bd3 Bxd3 13. Qxd3 Qc7 14. Nb3 Be7 15. Bd2
O-O 16. O-O Qc4 17. Qxc4 dxc4 18. Nc1 Nc6 19. Nce2 Rad8 20. Ne4 h6 21. Rac1 b5
22. f4 f5 23. exf6 Nxf6 24. Nxf6+ Bxf6 25. fxg5 Bxg5 26. Rxf8+ Rxf8 27. Bxg5
hxg5 28. b3 Nb4 29. bxc4 Rc8 30. cxb5 Rb8 31. a4 Nd5 32. Kf2 Kf7 33. Kf3 Kf6 34.
h3 Rh8 35. Nc3 Nf4 36. Ne4+ Kg6 37. Rc5 Rh5 38. Rc7 e5 39. dxe5 Ne6 40. Rxa7
Nd4+ 41. Kf2 Rh4 42. Nd2 Rf4+ 43. Nf3 Kf5 44. Rf7+ Ke4 45. Rxf4+ gxf4 46. Nxd4
Kxd4 47. e6 1-0

[Event "AUTO-OPEN-2365"]
[Site "http://www.queenalice.com/game.php?id=939563"]
[Date "2011.5.18"]
[Round "1"]
[White "Jobson"]
[Black "salso"]
[Result "0-1"]
[WhiteElo "1762"]
[BlackElo "1772"]

1. e4 e5 2. Nf3 d6 3. Nc3 c6 4. d3 Nf6 5. Bg5 Be7 6. Qe2 Qc7 7. O-O-O a5 8. g3
Be6 9. Kb1 a4 10. a3 b5 11. h4 Na6 12. Bh3 Bxh3 13. Rxh3 Nc5 14. Nd2 Ne6 15. Nf3
b4 16. axb4 Qb6 17. Na2 a3 18. b3 Nd4 19. Nxd4 Qxd4 20. Be3 Qb2# 0-1

[Event "AUTO-OPEN-2365"]
[Site "http://www.queenalice.com/game.php?id=939603"]
[Date "2011.5.18"]
[Round "1"]
[White "daga2008"]
[Black "Jobson"]
[Result "0-1"]
[WhiteElo "1538"]
[BlackElo "1753"]

1. e4 e5 2. c3 Nc6 3. Nh3 Nf6 4. f3 Bc5 5. b4 Bb6 6. b5 Na5 7. Be2 d5 8. exd5
Qxd5 9. Ng5 O-O 10. Ba3 Re8 11. Nh3 Nc4 12. Bxc4 Qxc4 13. Qe2 Qxe2+ 14. Kxe2 e4
15. f4 e3 16. d3 Bg4+ 17. Ke1 Rad8 18. d4 c6 19. bxc6 bxc6 20. Bb2 Nh5 21. Ng1
Nxf4 22. g3 Nd3+ 23. Kf1 e2+ 24. Nxe2 Bxe2+ 25. Kg2 Nxb2 26. Nd2 Na4 27. Rac1 c5
28. Rc2 cxd4 29. cxd4 Bd3 30. Rcc1 Re2+ 31. Kf3 f5 32. Nb3 Rxa2 33. Ke3 Be4 34.
g4 Bxh1 35. Rxh1 fxg4 36. Rg1 h5 37. Rd1 Rxh2 38. Nd2 Rxd4 39. Nf1 Rxd1+ 40. Ke4
Re2+ 41. Ne3 Rxe3+ 42. Kf4 Rf1+ 43. Kg5 Re5+ 44. Kg6 Rf6# 0-1

[Event "rbivanov"]
[Site "http://www.queenalice.com/game.php?id=950416"]
[Date "2011.6.16"]
[Round "2"]
[White "FLAMENGO_B"]
[Black "Jobson"]
[Result "1-0"]
[WhiteElo "2259"]
[BlackElo "1733"]

1. e4 e5 2. Nc3 Nc6 3. Nf3 Nf6 4. a3 a6 5. d4 d6 6. d5 Na5 7. b4 Nc6 8. dxc6
bxc6 9. Bc4 h6 10. O-O Bg4 11. Qd3 Qc8 12. Ng5 hxg5 13. Bxg5 Be7 14. f4 exf4 15.
Bxf4 Qd7 16. Bxa6 Be6 17. a4 O-O 18. a5 d5 19. exd5 cxd5 20. Bg5 d4 21. Nb5 Rxa6
22. Bxf6 Bxf6 23. Nxc7 Rc6 24. Nxe6 Rxe6 25. c4 Re3 26. Qf5 Rd8 27. Qxd7 Rxd7
28. a6 d3 29. a7 Bxa1 30. a8=Q+ Kh7 31. Qxa1 Kg8 32. c5 Rb7 33. Qa8+ 1-0

[Event "AUTO-OPEN-2261"]
[Site "http://www.queenalice.com/game.php?id=964845"]
[Date "2011.7.26"]
[Round "2"]
[White "Jobson"]
[Black "Fariajj"]
[Result "1/2-1/2"]
[WhiteElo "1765"]
[BlackElo "1820"]

1. e4 c5 2. Nc3 Nc6 3. Bc4 e6 4. Qe2 d6 5. Nf3 a6 6. a3 Qc7 7. O-O Be7 8. d3 Nf6
9. Be3 O-O 10. Rab1 Ne5 11. Nxe5 dxe5 12. Kh1 b5 13. Ba2 Rd8 14. Rbd1 Bb7 15. f3
Rd7 16. Qf2 Rad8 17. Qg3 Nh5 18. Qg4 g6 19. Ne2 c4 20. d4 Qb6 21. c3 a5 22. f4
exf4 23. Nxf4 Nxf4 24. Qxf4 Bf8 25. Bb1 Bg7 26. e5 Bd5 27. Rf2 b4 28. a4 b3 29.
h4 Rf8 30. Qg4 Qc6 31. Kh2 Rc7 32. h5 Qe8 33. Rdf1 Rb7 34. hxg6 fxg6 35. Rxf8+
Bxf8 36. Be4 Rd7 37. Bxd5 exd5 38. Bg5 Rf7 39. Rf3 Be7 40. e6 Rxf3 41. gxf3 Bxg5
42. Qxg5 Qxe6 43. Qd8+ Kg7 44. Kg3 Qe1+ 45. Kf4 Qd2+ 46. Kg3 Qxb2 47. Qe7+
1/2-1/2

[Event "AUTO-OPEN-2261"]
[Site "http://www.queenalice.com/game.php?id=964846"]
[Date "2011.7.26"]
[Round "2"]
[White "Fariajj"]
[Black "Jobson"]
[Result "1-0"]
[WhiteElo "1739"]
[BlackElo "1775"]

1. d4 Nf6 2. c4 g6 3. Nc3 Bg7 4. e4 d6 5. Be2 O-O 6. Nf3 Nbd7 7. b4 b6 8. Bb2
Bb7 9. d5 Re8 10. O-O e5 11. a4 a5 12. bxa5 Rxa5 13. Ne1 Ba6 14. Nc2 Nc5 15. Nb4
Bb7 16. Qc2 Qc8 17. f3 Nh5 18. Kh1 Nf4 19. Rf2 Bh6 20. Bf1 Kg7 21. g3 Nh3 22.
Bxh3 Qxh3 23. Nb5 Re7 24. Bc3 Ra8 25. Bd2 Bxd2 26. Rxd2 h5 27. Rg2 Na6 28. Nd3
Qd7 29. Qd2 c6 30. Nc3 Kf6 31. f4 Kg7 32. f5 c5 33. Rb1 Nb4 34. Nxb4 cxb4 35.
Rxb4 Ra6 36. Nb5 Kh7 37. g4 Re8 38. gxh5 Rg8 39. Qg5 Rg7 40. hxg6+ fxg6 41.
fxg6+ Kg8 42. Qf6 Ra8 43. Nxd6 Rf8 44. Qxe5 Rf1+ 45. Rg1 Rxg1+ 46. Kxg1 Rxg6+
47. Kh1 Rxd6 48. Rb2 Rg6 49. Rg2 Rxg2 50. Kxg2 Qxa4 51. Qb8+ Kf7 52. Qxb7+ Kf8
53. Qc8+ Kg7 54. Qc7+ Kf8 55. Qc8+ Kg7 56. Qc7+ Kf8 57. Qd6+ Kg7 58. Qe7+ Kh8
59. Qf6+ Kg8 60. Qe6+ Kg7 61. d6 Qc2+ 62. Kh3 Qd3+ 63. Kh4 b5 64. d7 bxc4 65.
Qe7+ Kg6 66. Qe8+ Kf6 67. d8=Q+ Qxd8 68. Qxd8+ Ke5 69. Qd5+ Kf4 70. Qxc4 1-0

[Event "AUTO-OPEN-2261"]
[Site "http://www.queenalice.com/game.php?id=964847"]
[Date "2011.7.26"]
[Round "2"]
[White "Jobson"]
[Black "TomRipley"]
[Result "0-1"]
[WhiteElo "1767"]
[BlackElo "2117"]

1. e4 e5 2. Nf3 Nc6 3. Nc3 Nf6 4. Bc4 Bc5 5. O-O d6 6. Ng5 O-O 7. d3 h6 8. Nf3
Na5 9. Bd5 Nxd5 10. Nxd5 c6 11. Ne3 Bxe3 12. Bxe3 c5 13. c4 Nc6 14. b3 f5 15. g3
fxe4 16. dxe4 Bg4 17. Qd5+ Kh7 18. Nd2 Nd4 19. Kg2 Nc2 20. Rac1 Nxe3+ 21. fxe3
Qg5 22. Rce1 b6 23. h4 Qh5 24. Rxf8 Rxf8 25. Rf1 Rxf1 26. Nxf1 Bd1 27. Nh2 Qe2+
28. Kh3 Bc2 29. Qxd6 Bxe4 0-1

[Event "AUTO-OPEN-2261"]
[Site "http://www.queenalice.com/game.php?id=964848"]
[Date "2011.7.26"]
[Round "2"]
[White "TomRipley"]
[Black "Jobson"]
[Result "1-0"]
[WhiteElo "2115"]
[BlackElo "1769"]

1. d4 Nf6 2. c4 g6 3. Nc3 Bg7 4. e3 O-O 5. Nf3 c6 6. Bd3 d5 7. O-O Bg4 8. h3 Be6
9. Re1 dxc4 10. Be2 Nbd7 11. e4 a6 12. e5 Nh5 13. g4 Nhf6 14. exf6 Bxf6 15. Bg5
Bg7 16. Qd2 b5 17. Bh6 Bxh6 18. Qxh6 Bd5 19. Ng5 e6 20. Qxh7# 1-0

[Event "rbivanov"]
[Site "http://www.queenalice.com/game.php?id=976377"]
[Date "2011.8.24"]
[Round "3"]
[White "Jobson"]
[Black "tio_revas"]
[Result "1-0"]
[WhiteElo "1767"]
[BlackElo "1567"]

1. e4 e5 2. Nf3 Nc6 3. d4 d5 4. Nxe5 Nxe5 5. dxe5 dxe4 6. Qxd8+ Kxd8 7. Bc4 Be6
8. Bxe6 fxe6 9. O-O Bc5 10. Kh1 Ne7 11. Nc3 Rf8 12. Nxe4 b6 13. f3 Nf5 14. c3
Be3 15. Bxe3 Nxe3 16. Rf2 Nc4 17. Ng5 Nxe5 18. Nxe6+ Ke8 19. Nxc7+ Kd7 20. Nxa8
Rxa8 21. Rd1+ Ke8 22. Re2 Kf7 23. Rxe5 1-0

[Event "Challenge"]
[Site "http://www.queenalice.com/game.php?id=993960"]
[Date "2011.10.6"]
[Round "-"]
[White "pedroingles"]
[Black "Jobson"]
[Result "1-0"]
[WhiteElo "1777"]
[BlackElo "1760"]

1. d4 d5 2. c4 Nf6 3. Nf3 b6 4. Nc3 Bb7 5. e3 e6 6. Be2 Bd6 7. O-O O-O 8. a3
Nbd7 9. b4 c5 10. dxc5 bxc5 11. bxc5 Bxc5 12. cxd5 Nxd5 13. Nxd5 Bxd5 14. a4 a5
15. Bb5 Nf6 16. Ba3 Ne4 17. Bxc5 Nxc5 18. Nd4 Qg5 19. g3 Qe5 20. Bc6 Rad8 21.
Bxd5 Rxd5 22. Qe1 Ne4 23. Nc6 Qc7 24. Rc1 Qb6 25. Ne7+ Kh8 26. Nxd5 exd5 27. Qe2
Nc3 28. Rxc3 Qb4 29. Rfc1 g6 30. Qb5 1-0

[Event "Challenge"]
[Site "http://www.queenalice.com/game.php?id=993961"]
[Date "2011.10.6"]
[Round "-"]
[White "Jobson"]
[Black "pedroingles"]
[Result "0-1"]
[WhiteElo "1745"]
[BlackElo "1756"]

1. e4 e5 2. Nf3 Nf6 3. Nxe5 d6 4. Nf3 Nxe4 5. Qe2 Qe7 6. d3 Nf6 7. Qxe7+ Bxe7 8.
Nc3 O-O 9. Bf4 Nc6 10. O-O-O Bf5 11. Kb1 Rfe8 12. h3 Nd7 13. Nd5 Rac8 14. g4 Be6
15. Nc3 Bf6 16. Bg2 Nde5 17. g5 Be7 18. Rhe1 Ng6 19. Be3 a6 20. h4 Bg4 21. Rh1
Nce5 22. Rdf1 Nxf3 23. Bxf3 Bxf3 24. Rh2 d5 25. d4 Bd6 26. h5 Bxh2 27. hxg6 hxg6
28. a3 c6 29. Na4 Bb8 30. Nb6 Rc7 31. Ka2 Rce7 32. Na4 Ba7 33. Nc3 b6 34. Nb1 c5
35. Nd2 Be4 36. c3 cxd4 37. Bxd4 Bf5 38. Nf3 b5 39. Ne5 Bxd4 40. cxd4 f6 41.
gxf6 gxf6 42. Nf3 Re2 43. Kb3 Bd3 0-1

[Event "Challenge"]
[Site "http://www.queenalice.com/game.php?id=1021682"]
[Date "2012.1.30"]
[Round "-"]
[White "pedroingles"]
[Black "Jobson"]
[Result "1-0"]
[WhiteElo "1742"]
[BlackElo "1716"]

1. d4 d5 2. c4 Nf6 3. Nf3 b6 4. Nc3 Bb7 5. Bg5 Nbd7 6. e3 h6 7. Bh4 g5 8. Bg3 e6
9. a3 Bg7 10. Bd3 Nf8 11. O-O Qd7 12. Ne5 Qe7 13. cxd5 exd5 14. Rc1 c5 15. Bb5+
N6d7 16. Nxd7 Nxd7 17. Qa4 a6 18. Bxd7+ Qxd7 19. Qxd7+ Kxd7 20. Ne2 Rhe8 21.
dxc5 Kc6 22. cxb6+ Kxb6 23. b3 Bb2 24. Rc7 f6 25. a4 Rh8 26. Rd7 Rad8 27. Bc7+
Ka7 28. Bxd8 Ka8 29. Bb6 Rb8 30. Bd4 Bxd4 31. Nxd4 Rc8 32. Rh7 h5 33. Rxh5 a5
34. Rh7 Rg8 35. Rf7 Rg6 36. Rc1 Kb8 37. Rcc7 Ba6 38. Rc6 Bb7 39. Rfxf6 Bxc6 40.
Nxc6+ Kc7 41. Rxg6 g4 42. Nxa5 d4 43. exd4 g3 44. hxg3 Kd7 45. f4 Ke7 46. f5 Kf7
47. Kf2 Ke7 48. Ke3 Kd7 49. Ke4 Kc7 50. Kd5 Kd7 51. Rg7+ Kc8 52. Rf7 Kd8 53. Kd6
Ke8 54. Rb7 Kd8 55. Rb8# 1-0

[Event "Challenge"]
[Site "http://www.queenalice.com/game.php?id=1021683"]
[Date "2012.1.30"]
[Round "-"]
[White "Jobson"]
[Black "pedroingles"]
[Result "1/2-1/2"]
[WhiteElo "1715"]
[BlackElo "1728"]

1. e4 e5 2. Nf3 Nf6 3. Nc3 Nc6 4. a3 d6 5. Bc4 Be7 6. O-O O-O 7. d3 Na5 8. Ba2
b6 9. b4 Nb7 10. Bg5 Bg4 11. h3 Bh5 12. Bxf6 Bxf6 13. Nd5 c5 14. Nxf6+ Qxf6 15.
Bd5 Rab8 16. Qe2 Bxf3 17. Qxf3 Qxf3 18. gxf3 a5 19. Bxb7 Rxb7 20. Kh2 f5 21. Kg2
f4 22. Rg1 Rf6 23. Kh2 Kf7 24. Rg4 Rg6 25. Rag1 Rxg4 26. Rxg4 axb4 27. axb4 Ra7
28. bxc5 bxc5 29. Rg1 Ra2 30. Rc1 h5 31. h4 Kf6 32. Kg2 g5 33. hxg5+ Kxg5 34.
Kh3 h4 35. Kg2 Ra8 36. Rb1 Rh8 37. Kh3 Rh6 38. Rg1+ Kf6 39. Rg4 Ke6 40. Rxh4
Rxh4+ 41. Kxh4 d5 42. Kg4 dxe4 43. fxe4 Kf6 44. c3 Kg6 45. Kh4 Kh6 1/2-1/2

[Event "Challenge"]
[Site "http://www.queenalice.com/game.php?id=1025562"]
[Date "2012.2.3"]
[Round "-"]
[White "plot24"]
[Black "Jobson"]
[Result "1-0"]
[WhiteElo "1772"]
[BlackElo "1729"]

1. d4 d5 2. c4 Nf6 3. Nf3 b6 4. Nc3 Bb7 5. e3 e6 6. Qc2 g6 7. cxd5 exd5 8. Bd3
Nc6 9. O-O Bg7 10. e4 O-O 11. Be3 Ng4 12. Rae1 Nb4 13. Qb1 Nxe3 14. fxe3 c5 15.
e5 c4 16. Be2 Re8 17. Nd2 Qg5 18. Bf3 Rab8 19. a3 Nc6 20. Bxd5 Nd8 21. Bxb7 Rxb7
22. Nxc4 b5 23. Nd6 Rxe5 24. Nxb7 Rxe3 25. Rxe3 Qxe3+ 26. Kh1 Nxb7 27. Nxb5 a6
28. Re1 Qf4 29. Re8+ Bf8 30. Nc3 Qxd4 31. Qd1 Qf2 32. Qe2 Qf4 33. g3 Qc7 34.
Qxa6 Nd6 35. Re1 Nf5 36. Qa4 Qb7+ 37. Kg1 Bc5+ 38. Kf1 Ne3+ 39. Rxe3 Bxe3 40.
Qe8+ Kg7 41. Qxe3 Qxb2 42. Ne4 Qa1+ 43. Kg2 Qa2+ 44. Kh3 Qe6+ 45. g4 f5 46. Qd4+
Kf7 47. Ng5+ 1-0

[Event "Challenge"]
[Site "http://www.queenalice.com/game.php?id=1031707"]
[Date "2012.2.21"]
[Round "-"]
[White "Mike36bh"]
[Black "Jobson"]
[Result "0-1"]
[WhiteElo "1785"]
[BlackElo "1701"]

1. d4 d5 2. Nc3 Nf6 3. Bf4 b6 4. e3 Ba6 5. Bxa6 Nxa6 6. Nf3 e6 7. a3 c5 8. Nb5
Be7 9. Ne5 O-O 10. O-O Qe8 11. a4 c4 12. b3 cxb3 13. cxb3 Kh8 14. h3 Nd7 15.
Nxd7 Qxd7 16. Qg4 Rg8 17. Rac1 h6 18. Nc3 Nb4 19. e4 Nd3 20. Rcd1 Nxf4 21. Qxf4
Bd6 22. e5 Bb4 23. Ne2 Rac8 24. Qg4 Rc2 25. f4 Rb2 26. Rd3 b5 27. axb5 Qxb5 28.
Qf3 a5 29. Ng3 a4 30. bxa4 Qxa4 31. f5 Rd2 32. Rxd2 Bxd2 33. Qd3 Bg5 34. fxe6
fxe6 35. Ne2 Qb4 36. Nc3 Rf8 37. Rxf8+ Qxf8 38. Nb5 Qf4 39. Qc2 Qe3+ 40. Kh1
Qe1+ 41. Kh2 Bf4+ 42. g3 Qxg3+ 43. Kh1 Qxh3+ 44. Kg1 Be3+ 0-1

[Event "OS INCLIVEIS"]
[Site "http://www.queenalice.com/game.php?id=1034774"]
[Date "2012.3.1"]
[Round "-"]
[White "adelio"]
[Black "Jobson"]
[Result "0-1"]
[WhiteElo "1626"]
[BlackElo "1720"]

1. d4 e6 2. e4 d5 3. e5 b6 4. Nd2 Bb7 5. Ndf3 Nc6 6. h4 h6 7. h5 Qd7 8. g4 O-O-O
9. Ne2 Bb4+ 10. c3 Be7 11. a4 a5 12. Bd2 f6 13. Qb3 fxe5 14. dxe5 Rf8 15. Ned4
Nxd4 16. Nxd4 Bc5 17. Be3 Ne7 18. Qc2 Nc6 19. Bb5 Kb8 20. Nxc6+ Bxc6 21. Bxc5
bxc5 22. Qb3 Kc8 23. Ba6+ Kd8 24. Bb7 Ke7 25. Bxc6 Qxc6 26. O-O Rf4 27. f3 Rhf8
28. Qd1 c4 29. Qe2 Qb6+ 30. Kg2 Rb8 31. Rab1 Qb3 32. Qd2 Rbf8 33. Qe2 Qxa4 34.
Rf2 Qa2 35. Rbf1 Rb8 36. Qc2 a4 37. Qd2 Rf7 38. Qe3 Kd7 39. b4 Qb3 40. g5 a3 41.
gxh6 gxh6 42. f4 Rg8+ 43. Kh1 Rf5 44. Rh2 a2 45. Qd2 Ra8 46. Qb2 Qxb2 47. Rxb2
a1=Q 48. Rxa1 Rxa1+ 49. Kg2 Rxf4 50. Kg3 Re4 51. b5 Rxe5 52. b6 Kc8 53. bxc7
Kxc7 54. Rf2 Rxh5 55. Kg4 Rg5+ 56. Kf3 Ra3 57. Rc2 e5 58. Kf2 e4 59. Ke3 Rf5 60.
Kd4 Kd6 61. Rg2 Rg5 62. Rf2 Ke6 63. Rf8 Ra7 64. Re8+ Re7 65. Rb8 Kf7 66. Rb5 Rd7
67. Rb1 h5 68. Rh1 Ke6 69. Ra1 h4 70. Ra6+ Rd6 71. Ra8 Rh5 72. Re8+ Kd7 73. Ra8
h3 74. Ra7+ Ke6 75. Ra1 h2 76. Rh1 Rc6 77. Ke3 Ke5 78. Kf2 Kf4 79. Kg2 e3 80.
Rxh2 Rxh2+ 81. Kxh2 Rg6 82. Kh3 e2 83. Kh4 e1=Q+ 84. Kh5 Rg5+ 85. Kh6 Qh4# 0-1